|
|
|
|
| LEADER |
01949nam a2200517 i 4500 |
| 001 |
nkc20152765797 |
| 003 |
CZ PrNK |
| 005 |
20260312214837.0 |
| 007 |
ta |
| 008 |
160104s2015 xr a g 6 000 1 cze |
| 015 |
|
|
|a cnb002765797
|
| 020 |
|
|
|a 978-80-7449-340-9
|q (brožováno)
|
| 035 |
|
|
|a (OCoLC)939572717
|
| 040 |
|
|
|a ABA001
|b cze
|e rda
|
| 041 |
1 |
|
|a cze
|h eng
|
| 072 |
|
7 |
|a 741.52
|x Komiksy. Komiksové adaptace
|2 Konspekt
|9 21
|
| 080 |
|
|
|a 741.52(0:82-322.9)
|2 MRF
|
| 100 |
1 |
|
|a Kot, Aleš,
|d 1986-
|7 xx0190936
|4 aut
|
| 240 |
1 |
0 |
|a At the heart of it all.
|l Česky
|
| 245 |
1 |
0 |
|a Zero.
|n Kniha 2,
|p V srdci všeho /
|c [autor] Aleš Kot ; [kresba] Vanesa R. Del Reyová, Matt Taylor, Jorge Coelho, Tonči Zonjić, Michael Gaydos ; překlad Filip Škába
|
| 246 |
3 |
0 |
|a V srdci všeho
|
| 246 |
1 |
8 |
|a Zero: V srdci všeho
|
| 250 |
|
|
|a První vydání
|
| 264 |
|
1 |
|a [Praha] :
|b Crew s.r.o.,
|c 2015
|
| 300 |
|
|
|a 158 nečíslovaných stran :
|b barevné ilustrace ;
|c 26 cm
|
| 336 |
|
|
|a text
|b txt
|2 rdacontent
|
| 336 |
|
|
|a statický obraz
|b sti
|2 rdacontent
|
| 337 |
|
|
|a bez média
|b n
|2 rdamedia
|
| 338 |
|
|
|a svazek
|b nc
|2 rdacarrier
|
| 490 |
1 |
|
|a Světové komiksy česky
|
| 500 |
|
|
|a Přeloženo z angličtiny
|
| 500 |
|
|
|a Název z obálky
|
| 500 |
|
|
|a Původně vydáno v sešitové formě jako číslo 6-10
|
| 655 |
|
7 |
|a superhrdinské komiksy
|7 fd1057488
|2 czenas
|
| 655 |
|
9 |
|a superhero comics
|2 eczenas
|
| 700 |
1 |
|
|a Del Rey, Vanesa R.
|7 xx0201060
|4 ill
|
| 700 |
1 |
|
|a Taylor, Matt
|7 xx0201059
|4 ill
|
| 700 |
1 |
|
|a Coelho, Jorge,
|d 1977-
|7 xx0205011
|4 ill
|
| 700 |
1 |
|
|a Zonjić, Tonči,
|d 1986-
|7 xx0200789
|4 ill
|
| 700 |
1 |
|
|a Gaydos, Michael
|7 xx0201053
|4 ill
|
| 700 |
1 |
|
|a Škába, Filip,
|d 1972-
|7 xx0030808
|4 trl
|
| 830 |
|
0 |
|a Světové komiksy česky
|0 s
|
| 910 |
2 |
|
|a BOA001
|b 3-1339.349,2
|
| 990 |
|
|
|a BK
|
| 995 |
|
|
|a 01
|
| 996 |
6 |
|
|b 2610663094
|c 3-1339.349,2
|l MZK
|r Sklad / do 1 hodiny
|n 1
|p p.v.
|w 001549102
|u 000010
|a 1
|e BOA001
|j MZK50
|s P
|